<?xml version="1.0" encoding="UTF-8"?>
<record
    xmlns:xsi="http://www.w3.org/2001/XMLSchema-instance"
    xsi:schemaLocation="http://www.loc.gov/MARC21/slim http://www.loc.gov/standards/marcxml/schema/MARC21slim.xsd"
    xmlns="http://www.loc.gov/MARC21/slim">

  <leader>01300nam a2200205 a 4500</leader>
  <controlfield tag="008">180918s2004    ag ||||g||||| 00| 0|spa d</controlfield>
  <datafield tag="020" ind1=" " ind2=" ">
    <subfield code="a">9871106351</subfield>
  </datafield>
  <datafield tag="041" ind1=" " ind2=" ">
    <subfield code="a">spa</subfield>
  </datafield>
  <datafield tag="092" ind1=" " ind2=" ">
    <subfield code="c">808.88</subfield>
    <subfield code="l">13</subfield>
    <subfield code="s">COR</subfield>
  </datafield>
  <datafield tag="100" ind1="1" ind2=" ">
    <subfield code="a">Cort&#xE1;zar, Julio</subfield>
    <subfield code="9">3297</subfield>
  </datafield>
  <datafield tag="245" ind1=" " ind2=" ">
    <subfield code="a">Historias de cronopios y de famas /</subfield>
    <subfield code="c">Julio Cort&#xE1;zar</subfield>
  </datafield>
  <datafield tag="250" ind1=" " ind2=" ">
    <subfield code="a">1ra ed. 1a reimpresion</subfield>
  </datafield>
  <datafield tag="260" ind1=" " ind2=" ">
    <subfield code="a">Buenos Aires:</subfield>
    <subfield code="b">Punto de Lectura;</subfield>
    <subfield code="c">2004.</subfield>
  </datafield>
  <datafield tag="300" ind1=" " ind2=" ">
    <subfield code="a">165 p.</subfield>
  </datafield>
  <datafield tag="500" ind1=" " ind2=" ">
    <subfield code="a">Cort&#xE1;zar, J. (2004). Historias de cronopios y de famas. (1a ed.). Buenos Aires : Suma de Letras Argentinas.</subfield>
  </datafield>
  <datafield tag="505" ind1=" " ind2=" ">
    <subfield code="a">Historias de cronopios y de famas es uno de los libros legendarios de Julio Cort&#xE1;zar. Postulaci&#xF3;n de una mirada po&#xE9;tica capaz de enfrentar las miserias de la rutina y del sentido com&#xFA;n, el escritor argentino toma aqu&#xED; partido por la imaginaci&#xF3;n creadora y el humor corrosivo de los surrealistas. Esta colecci&#xF3;n de cuentos y vi&#xF1;etas entra&#xF1;ables es una introducci&#xF3;n privilegiada al mundo inagotable de unos de los mas grandes escritores de este siglo y un ant&#xED;doto seguro contra la solemnidad y el aburrimiento. Sin duda, Cort&#xE1;zar sella un pacto de complicidad definitiva e incondicional con sus lectores. </subfield>
  </datafield>
  <datafield tag="590" ind1=" " ind2=" ">
    <subfield code="a">Proyecto 4to libro. Donaci&#xF3;n Constanzo, Juan Carlos</subfield>
  </datafield>
  <datafield tag="655" ind1=" " ind2=" ">
    <subfield code="a">cuentos cortos</subfield>
    <subfield code="9">3278</subfield>
  </datafield>
  <datafield tag="942" ind1=" " ind2=" ">
    <subfield code="2">ddc</subfield>
    <subfield code="c">LIT</subfield>
  </datafield>
  <datafield tag="999" ind1=" " ind2=" ">
    <subfield code="c">2444</subfield>
    <subfield code="d">2444</subfield>
  </datafield>
  <datafield tag="952" ind1=" " ind2=" ">
    <subfield code="0">0</subfield>
    <subfield code="1">0</subfield>
    <subfield code="2">ddc</subfield>
    <subfield code="4">0</subfield>
    <subfield code="7">0</subfield>
    <subfield code="8">NFIC</subfield>
    <subfield code="a">BFM</subfield>
    <subfield code="b">BFM</subfield>
    <subfield code="c">CR</subfield>
    <subfield code="d">2017-09-18</subfield>
    <subfield code="e">2017-09-18</subfield>
    <subfield code="l">4</subfield>
    <subfield code="m">3</subfield>
    <subfield code="o">808.88  13 COR</subfield>
    <subfield code="p">3928</subfield>
    <subfield code="r">2023-06-29</subfield>
    <subfield code="s">2023-05-24</subfield>
    <subfield code="t">Ej.1</subfield>
    <subfield code="w">2017-09-18</subfield>
    <subfield code="y">LIT</subfield>
    <subfield code="z">Proyecto 4to Libro. Donaci&#xF3;n Constanzo Juan Carlos, Septiembre 2017</subfield>
  </datafield>
  <datafield tag="952" ind1=" " ind2=" ">
    <subfield code="0">0</subfield>
    <subfield code="1">0</subfield>
    <subfield code="2">ddc</subfield>
    <subfield code="4">0</subfield>
    <subfield code="7">0</subfield>
    <subfield code="a">BFM</subfield>
    <subfield code="b">BFM</subfield>
    <subfield code="c">CR</subfield>
    <subfield code="d">2024-12-12</subfield>
    <subfield code="e">Donaci&#xF3;n Diciembre 2024. Sede Tordos.</subfield>
    <subfield code="l">3</subfield>
    <subfield code="m">1</subfield>
    <subfield code="o">808.88 13 COR</subfield>
    <subfield code="p">4974</subfield>
    <subfield code="r">2026-04-09</subfield>
    <subfield code="s">2025-12-03</subfield>
    <subfield code="t">Ej.2</subfield>
    <subfield code="w">2024-12-12</subfield>
    <subfield code="y">LIT</subfield>
    <subfield code="z">Donaci&#xF3;n Diciembre 2024. Sede Tordos.</subfield>
    <subfield code="f"></subfield>
  </datafield>
</record>
